Sulha (Record no. 18646)

MARC details
000 -LEADER
fixed length control field 00593nam a2200229 a 4500
020 ## - INTERNATIONAL STANDARD BOOK NUMBER
ISBN
082 00 - DEWEY DECIMAL CLASSIFICATION NUMBER
Classification number 303.61
Author Cutter JAB
100 ## - MAIN ENTRY--AUTHOR NAME
Author name Jabbour, Elias J
245 ## - TITLE STATEMENT
Title Sulha
Sub title Palestinian Traditional Peacemaking Process
260 ## - PUBLICATION, DISTRIBUTION, ETC. (IMPRINT)
Place of publication Montreal
Name of publisher House of Hope Publications
Year of publication 1993
300 ## - PHYSICAL DESCRIPTION
Number of Pages 126p
500 ## - GENERAL NOTE
General note includes index and biblioraphy
505 2# - FORMATTED CONTENTS NOTE
Formatted contents note Language Kashmiri
650 ## - SUBJECT ADDED ENTRY--TOPICAL TERM
Topical Term Civilization-Arab
942 ## - ADDED ENTRY ELEMENTS (KOHA)
Koha item type Books
Holdings
Collection code Home library Current library Date acquired Cost, normal purchase price Full call number Accession Number Koha item type
  Henry Martyn Institute Library Henry Martyn Institute Library 03/20/2007 100.00 303.61 JAB 11000999 Books
                   Copyright © 2026 | Henry Martyn Institute | Hyderabad | TS-500052 | INDIA | Implemented by hmi.edu.in
Hit-Count:

Powered by Koha